Public Policies Toward Business
Saved in:
| Main Author: | |
|---|---|
| Format: | Book |
| Language: | English |
| Published: |
Homewood
Irwin
1991
|
| Edition: | 8. ed. |
| Subjects: | |
| Tags: |
No Tags, Be the first to tag this record!
|
MARC
| LEADER | 00000nam a2200000 4500 | ||
|---|---|---|---|
| 001 | c012863 | ||
| 005 | 20221206114909.4 | ||
| 041 | 0 | |a eng | |
| 044 | |a US | ||
| 245 | 1 | 0 | |a Public Policies Toward Business |c William G. Shepherd |
| 250 | |a 8. ed. | ||
| 264 | 1 | |a Homewood |b Irwin |c 1991 | |
| 300 | |a 452 s. | ||
| 610 | 2 | 0 | |a USA |
| 610 | 2 | 0 | |a politika |
| 610 | 2 | 0 | |a politika hospodárska |
| 610 | 2 | 0 | |a trh |
| 610 | 2 | 0 | |a trusty |
| 100 | 1 | |a Shepherd, William G. | |